[Event "TUR-chT 2nd League"]
[Site "Denizli"]
[Date "2023.07.13"]
[Round "7.11"]
[White "Yilmaz, Goktan"]
[Black "Mastrovasilis, Athanasios"]
[Result "1/2-1/2"]
[WhiteElo "2223"]
[BlackElo "2506"]
[PlyCount "133"]
[EventDate "2023.07.09"]
[EventType "team-swiss"]
[EventRounds "9"]
[EventCountry "TUR"]
[SourceTitle "CBM 215 Extra"]
[Source "ChessBase"]
[SourceDate "2023.09.30"]
[SourceVersion "1"]
[SourceVersionDate "2023.09.30"]
[SourceQuality "1"]
[WhiteTeam "Sakarya Satranc"]
[BlackTeam "Galva Metal"]
[WhiteTeamCountry "TUR"]
[BlackTeamCountry "TUR"]

1. e4 e5 2. Nf3 Nc6 3. Bb5 a6 4. Ba4 Nf6 5. 0-0 b5 6. Bb3 Be7 7. Re1 d6 8. c3 0-0 9. h3 Nb8 10. d4 Nbd7 11. c4 c6 12. Nc3 b4 13. Ne2 Nxe4 14. c5 d5 15. Be3 exd4 16. Nexd4 Bb7 17. Bxd5 cxd5 18. c6 Qc8 19. Nf5 Bf6 20. cxb7 Qxb7 21. Bd4 Rfe8 22. Rc1 h5 23. Bxf6 Ndxf6 24. N3d4 g6 25. f3 gxf5 26. fxe4 Rxe4 27. Nxf5 Qb6+ 28. Kh1 Qf2 29. Rf1 Qxb2 30. Ng3 Qe5 31. Qf3 Re3 32. Qxf6 Qxf6 33. Rxf6 Rxg3 34. Rc7 Rd8 35. Rfxf7 d4 36. Kg1 d3 37. Kf2 Rg5 38. h4 Rg4 39. Rcd7 Rxd7 40. Rxd7 Rc4 41. Ke3 Rc2 42. Kxd3 Rxg2 43. Rd5 Rxa2 44. Kc4 a5 45. Rxh5 Ra3 46. Rb5 Kg7 47. h5 Kh6 48. Kd4 b3 49. Kc3 a4 50. Kb2 Ra2+ 51. Kb1 Rh2 52. Rb4 Ra2 53. Rb5 Kg7 54. Rb6 Kh7 55. h6 Rg2 56. Rb4 Rg1+ 57. Kb2 Rg2+ 58. Kb1 Ra2 59. Rb6 Kg8 60. Rb7 Kh8 61. h7 Rh2 62. Rb4 Rh1+ 63. Kb2 Rh2+ 64. Kb1 a3 65. Rxb3 a2+ 66. Ka1 Kxh7 67. Rb2 1/2-1/2

[Event "TUR-chT"]
[Site "Ankara"]
[Date "2022.08.16"]
[Round "1.6"]
[White "Dudin, Gleb"]
[Black "Yilmaz, Goktan"]
[Result "1-0"]
[WhiteElo "2480"]
[BlackElo "2248"]
[PlyCount "57"]
[EventDate "2022.08.16"]
[EventType "team-tourn"]
[EventRounds "13"]
[EventCountry "TUR"]
[SourceTitle "CBM 209 Extra"]
[Source "ChessBase"]
[SourceDate "2022.09.30"]
[SourceVersion "1"]
[SourceVersionDate "2022.09.30"]
[SourceQuality "1"]
[WhiteTeam "Burhaniye"]
[BlackTeam "Gokyay Vakfi"]
[WhiteTeamCountry "TUN"]
[BlackTeamCountry "TUR"]

1. e4 e6 2. d4 d5 3. Nd2 c5 4. Ngf3 cxd4 5. Nxd4 Nc6 6. Bb5 Bd7 7. Nxc6 bxc6 8. Bd3 Bd6 9. Qe2 e5 10. 0-0 Ne7 11. c4 d4 12. c5 Bxc5 13. Qh5 Ng6 14. f4 Qe7 15. Nb3 Bd6 16. f5 Nf4 17. Bxf4 exf4 18. e5 Bxe5 19. Rae1 0-0-0 20. Na5 Kb8 21. Qd1 Kc7 22. Qa4 c5 23. Qa3 f6 24. Nb3 Rc8 25. Nxc5 Kd8 26. Qa5+ Ke8 27. Nxd7 Kxd7 28. Bb5+ Kd6 29. Qa6+ 1-0

[Event "TUR Cup"]
[Site "Antalya"]
[Date "2020.02.02"]
[Round "11"]
[White "Yilmaz, Goktan"]
[Black "Kesgin, Halit Kaan"]
[Result "0-1"]
[WhiteElo "2265"]
[BlackElo "2061"]
[PlyCount "136"]
[EventDate "2020.01.26"]
[EventType "swiss"]
[EventRounds "11"]
[EventCountry "TUR"]
[SourceTitle "CBM 194 Extra"]
[Source "ChessBase"]
[SourceDate "2020.03.31"]
[SourceVersion "1"]
[SourceVersionDate "2020.03.31"]
[SourceQuality "1"]

1. e4 e6 2. d4 d5 3. Nc3 Bb4 4. e5 c5 5. a3 Bxc3+ 6. bxc3 Qa5 7. Bd2 Qa4 8. Qg4 Kf8 9. h4 Ne7 10. h5 h6 11. Qd1 b6 12. Nf3 Ba6 13. Rh4 Bxf1 14. Kxf1 Nbc6 15. Kg1 cxd4 16. cxd4 Rc8 17. Rf4 Na5 18. Ne1 Nc4 19. Bc1 Qa5 20. Rb1 Nc6 21. Rb3 Ke7 22. Rg3 Rcg8 23. Rfg4 Kf8 24. Nf3 Ne7 25. Nh4 Qa4 26. Kh2 Nf5 27. Nxf5 exf5 28. Rf4 Qd7 29. Qd3 g6 30. Rgf3 Rg7 31. hxg6 fxg6 32. g4 Rhg8 33. gxf5 g5 34. Rg4 h5 35. Rg2 g4 36. f6 Rh7 37. Rf4 Rhh8 38. f7 Rg7 39. Rf6 Rxf7 40. e6 Qd6+ 41. Bf4 Rxf6 42. Bxd6+ Nxd6 43. Qb3 Rf5 44. Qa4 Rh7 45. Qc6 Ne8 46. Kg1 Rc7 47. Qa4 Ke7 48. Rg3 Nf6 49. Qb4+ Kxe6 50. Re3+ Kf7 51. Qd6 Rxc2 52. Qe6+ Kg6 53. Re2 Rxe2 54. Qxe2 Ne4 55. Qb5 Nxf2 56. Qe8+ Kg5 57. Qe7+ Kg6 58. Qxa7 h4 59. Qxb6+ Kh5 60. Qb2 Nh3+ 61. Kg2 Rf2+ 62. Qxf2 Nxf2 63. Kxf2 Kg5 64. a4 Kf4 65. a5 h3 66. a6 g3+ 67. Kf1 Kf3 68. a7 h2 0-1

[Event "TUR Cup"]
[Site "Antalya"]
[Date "2020.01.30"]
[Round "8"]
[White "Kilic, Eray"]
[Black "Yilmaz, Goktan"]
[Result "0-1"]
[WhiteElo "2069"]
[BlackElo "2265"]
[PlyCount "92"]
[EventDate "2020.01.26"]
[EventType "swiss"]
[EventRounds "11"]
[EventCountry "TUR"]
[SourceTitle "CBM 194 Extra"]
[Source "ChessBase"]
[SourceDate "2020.03.31"]
[SourceVersion "1"]
[SourceVersionDate "2020.03.31"]
[SourceQuality "1"]

1. Nf3 d5 2. c4 e6 3. d4 Nf6 4. g3 Bb4+ 5. Bd2 Be7 6. Bg2 0-0 7. 0-0 Nbd7 8. Nc3 c6 9. Bf4 b6 10. Qa4 Bb7 11. Rfd1 a6 12. cxd5 cxd5 13. Rac1 Nh5 14. Ne5 b5 15. Qb3 Nxf4 16. gxf4 Nxe5 17. dxe5 Rc8 18. e3 Qa5 19. f5 Rc4 20. e4 Bg5 21. Rb1 dxe4 22. Ne2 exf5 23. Qg3 Bh6 24. Nd4 Bc8 25. Bh3 f4 26. Qh4 Qb6 27. Nf5 Qg6+ 28. Kh1 Bxf5 29. Rg1 Qe6 30. Bxf5 Qxf5 31. Qxh6 g6 32. Rg5 Qe6 33. Rh5 gxh5 34. Rg1+ Qg6 35. Qxf4 Re8 36. Rxg6+ hxg6 37. Kg2 Re6 38. b3 Rc5 39. Qxe4 Rcxe5 40. Qd4 Rf5 41. a4 bxa4 42. bxa4 Ref6 43. a5 Rxf2+ 44. Kg1 R2f4 45. Qd8+ Kg7 46. h3 h4 0-1

[Event "TUR Cup"]
[Site "Antalya"]
[Date "2020.01.29"]
[Round "5"]
[White "Yilmaz, Goktan"]
[Black "Isik, Alparslan"]
[Result "0-1"]
[WhiteElo "2265"]
[BlackElo "2328"]
[PlyCount "107"]
[EventDate "2020.01.26"]
[EventType "swiss"]
[EventRounds "11"]
[EventCountry "TUR"]
[SourceTitle "CBM 194 Extra"]
[Source "ChessBase"]
[SourceDate "2020.03.31"]
[SourceVersion "1"]
[SourceVersionDate "2020.03.31"]
[SourceQuality "1"]

1. e4 c5 2. Nf3 d6 3. d4 cxd4 4. Nxd4 Nf6 5. Nc3 a6 6. f4 Qc7 7. Qf3 Nc6 8. Nxc6 bxc6 9. Bd3 g6 10. b3 Bg7 11. Bb2 0-0 12. 0-0 Nd7 13. Na4 Bxb2 14. Nxb2 Nc5 15. f5 d5 16. fxg6 hxg6 17. exd5 Nxd3 18. Nxd3 cxd5 19. Qxd5 Bf5 20. Rxf5 gxf5 21. Qxf5 Qb6+ 22. Kh1 Qg6 23. Qf3 Rac8 24. c4 Rfd8 25. Nf4 Qf6 26. Re1 e6 27. h3 Rc5 28. Rf1 Rf5 29. g4 Ra5 30. a4 Rd4 31. Kg2 Re5 32. Rf2 Rde4 33. c5 Rd4 34. Qa8+ Qd8 35. Qf3 Rxc5 36. Nh5 f5 37. Qb7 Qd5+ 38. Qxd5 exd5 39. Kg3 fxg4 40. hxg4 Rd3+ 41. Kh4 Rxb3 42. Kg5 d4+ 43. Kg6 Rb6+ 44. Nf6+ Kf8 45. Re2 Rc8 46. a5 Rd6 47. Rh2 Ke7 48. Rh7+ Ke6 49. Rh1 Ke5 50. Kg5 d3 51. Re1+ Kd4 52. Ne4 Re6 53. Kf5 Re5+ 54. Kf4 0-1

[Event "TUR Cup"]
[Site "Antalya"]
[Date "2020.01.26"]
[Round "1"]
[White "Yilmaz, Goktan"]
[Black "Tinmaz, Kerem"]
[Result "1-0"]
[WhiteElo "2265"]
[BlackElo "1729"]
[PlyCount "83"]
[EventDate "2020.01.26"]
[EventType "swiss"]
[EventRounds "11"]
[EventCountry "TUR"]
[SourceTitle "CBM 194 Extra"]
[Source "ChessBase"]
[SourceDate "2020.03.31"]
[SourceVersion "1"]
[SourceVersionDate "2020.03.31"]
[SourceQuality "1"]

1. e4 c5 2. Nf3 e6 3. d4 cxd4 4. Nxd4 a6 5. Bd3 Nc6 6. Nxc6 dxc6 7. 0-0 e5 8. a4 Nf6 9. Nd2 Bc5 10. h3 Qc7 11. Nc4 Be6 12. Qe2 h6 13. Bd2 0-0 14. a5 Bxc4 15. Bxc4 Rfd8 16. Bd3 Rd7 17. Kh1 Bd6 18. g3 Nh7 19. f4 Re8 20. f5 Be7 21. Be3 Rc8 22. Ra4 Qd8 23. h4 c5 24. b3 Nf6 25. Rg1 h5 26. Bg5 Ng4 27. Bxe7 Qxe7 28. Bc4 Rd4 29. c3 Rd6 30. Bd5 Qd7 31. c4 b5 32. axb6 Rxb6 33. Qa2 Rcb8 34. Rxa6 Rxa6 35. Qxa6 Rxb3 36. Qa2 Rf3 37. Qa8+ Kh7 38. Qf8 Rf2 39. Ra1 Qc7 40. Bxf7 Qb7 41. Bg6+ Kh6 42. Qh8# 1-0

[Event "TUR-chT 1st League"]
[Site "Konya"]
[Date "2019.07.25"]
[Round "5.1"]
[White "Yilmaz, Goktan"]
[Black "Gokerkan, Cem Kaan"]
[Result "0-1"]
[WhiteElo "2212"]
[BlackElo "2415"]
[PlyCount "88"]
[EventDate "2019.07.22"]
[EventType "team-swiss"]
[EventRounds "9"]
[EventCountry "TUR"]
[SourceTitle "CBM 191 Extra"]
[Source "ChessBase"]
[SourceDate "2019.09.30"]
[SourceVersion "1"]
[SourceVersionDate "2019.09.30"]
[SourceQuality "1"]
[WhiteTeam "Gokyay Vakfi"]
[BlackTeam "Bayegan Pendik"]
[WhiteTeamCountry "TUR"]
[BlackTeamCountry "TUR"]

1. e4 c5 2. Nf3 d6 3. d4 Nf6 4. Nc3 cxd4 5. Nxd4 a6 6. Be3 e5 7. Nf3 Qc7 8. a4 Be7 9. a5 0-0 10. Be2 Bd8 11. Nd5 Nxd5 12. exd5 f5 13. Nd2 Nd7 14. f3 Nf6 15. c4 Qf7 16. Qc2 Kh8 17. b4 Bd7 18. Ra3 Rc8 19. Qb1 Nh5 20. 0-0 Nf4 21. Bxf4 exf4 22. Qd3 Re8 23. Nb1 b6 24. Qd2 bxa5 25. bxa5 Qe7 26. Bd3 Qe5 27. Kh1 Bf6 28. Rb3 Rb8 29. Rb6 Rxb6 30. axb6 Qd4 31. b7 Rb8 32. c5 Qxc5 33. Rc1 Qb6 34. Qxf4 Be5 35. Qg5 Qxb7 36. Bxf5 h6 37. Qg6 Bxf5 38. Qxf5 a5 39. Nd2 a4 40. Qd3 a3 41. Qc4 Qb4 42. Qc2 Qb2 43. Qd1 a2 44. Nc4 Qxc1 0-1

[Event "Cesme op-A 7th"]
[Site "Cesme"]
[Date "2019.06.30"]
[Round "9"]
[White "Kucuksari, Kaan"]
[Black "Yilmaz, Goktan"]
[Result "1-0"]
[WhiteElo "2299"]
[BlackElo "2155"]
[PlyCount "71"]
[EventDate "2019.06.24"]
[EventType "swiss"]
[EventRounds "9"]
[EventCountry "TUR"]
[SourceTitle "CBM 191 Extra"]
[Source "ChessBase"]
[SourceDate "2019.09.30"]
[SourceVersion "1"]
[SourceVersionDate "2019.09.30"]
[SourceQuality "1"]

1. d4 d5 2. Nf3 Nf6 3. c4 e6 4. g3 Bb4+ 5. Bd2 Be7 6. Bg2 0-0 7. 0-0 c6 8. Qc2 Nbd7 9. Rd1 Ne4 10. Nc3 f5 11. Nxe4 fxe4 12. Ne1 Nf6 13. f3 Bd6 14. fxe4 dxe4 15. Bxe4 Bxg3 16. Nf3 Bd6 17. Bg5 h6 18. Bh4 Qc7 19. c5 Bf4 20. Bxf6 gxf6 21. Kh1 Bd7 22. Rg1+ Kh8 23. Qc3 Qd8 24. e3 f5 25. exf4 fxe4 26. Ne5 Be8 27. Qh3 Qf6 28. Ng4 Qg6 29. Ne5 Qf6 30. Rg4 Kh7 31. Rag1 Rd8 32. Rg5 Qxf4 33. Rg7+ Kh8 34. Qg2 Qf6 35. Rg8+ Kh7 36. Qg7+ 1-0

[Event "Cesme op-A 7th"]
[Site "Cesme"]
[Date "2019.06.29"]
[Round "8"]
[White "Yilmaz, Goktan"]
[Black "Guseynov, Alihan"]
[Result "1/2-1/2"]
[WhiteElo "2155"]
[BlackElo "2274"]
[PlyCount "83"]
[EventDate "2019.06.24"]
[EventType "swiss"]
[EventRounds "9"]
[EventCountry "TUR"]
[SourceTitle "CBM 191 Extra"]
[Source "ChessBase"]
[SourceDate "2019.09.30"]
[SourceVersion "1"]
[SourceVersionDate "2019.09.30"]
[SourceQuality "1"]

1. e4 c5 2. Nf3 Nc6 3. d4 cxd4 4. Nxd4 Nf6 5. Nc3 d6 6. Bg5 Bd7 7. f3 Rc8 8. Qd2 Nxd4 9. Qxd4 Qa5 10. Be3 a6 11. 0-0-0 g6 12. Bc4 Bg7 13. Bb3 0-0 14. Qb6 Qxb6 15. Bxb6 Be6 16. Nd5 Bxd5 17. Bxd5 Nxd5 18. exd5 Rc4 19. c3 h5 20. Rhe1 Bf6 21. Kc2 Rfc8 22. Kd3 Kf8 23. Rc1 Ke8 24. Rc2 Kd7 25. Re4 Rxe4 26. fxe4 Be5 27. h3 f5 28. c4 fxe4+ 29. Kxe4 Rf8 30. Be3 e6 31. c5 exd5+ 32. Kxd5 Rf1 33. cxd6 Bxd6 34. Rf2 Rxf2 35. Bxf2 Bf4 36. g3 Bd6 37. g4 hxg4 38. hxg4 Bf4 39. Kc5 Be5 40. Kb6 Kc8 41. b3 Bd6 42. Bd4 1/2-1/2

[Event "Ankara Baskent Univ op 4th"]
[Site "Ankara"]
[Date "2019.06.21"]
[Round "8"]
[White "Gunduz, Umut Erdem"]
[Black "Yilmaz, Goktan"]
[Result "0-1"]
[WhiteElo "2302"]
[BlackElo "2155"]
[PlyCount "92"]
[EventDate "2019.06.17"]
[EventType "swiss"]
[EventRounds "9"]
[EventCountry "TUR"]
[SourceTitle "CBM 191 Extra"]
[Source "ChessBase"]
[SourceDate "2019.09.30"]
[SourceVersion "1"]
[SourceVersionDate "2019.09.30"]
[SourceQuality "1"]

1. e4 c5 2. Nf3 d6 3. d4 cxd4 4. Nxd4 Nf6 5. Nc3 a6 6. Bg5 Nbd7 7. Qe2 Qa5 8. f4 h6 9. Bh4 e5 10. fxe5 dxe5 11. Nb3 Qc7 12. 0-0-0 Be7 13. Qc4 Qb8 14. Bxf6 Nxf6 15. Nd5 Nxd5 16. exd5 Qd6 17. g4 h5 18. gxh5 Rxh5 19. Bg2 Bf5 20. Qe2 Rh4 21. Nd2 Qg6 22. Rde1 Rc8 23. Ne4 Kf8 24. Kb1 b5 25. d6 Bxd6 26. Ka1 Be7 27. Ng3 Be6 28. Be4 Qg4 29. Qd3 Rd8 30. Qe3 Qf4 31. Qb6 Qd2 32. Rhf1 Rf4 33. Bd3 Kg8 34. Ne4 Qb4 35. Rg1 Qa4 36. Nc3 Qd4 37. Qb7 Bb4 38. Ne2 Qf2 39. Rd1 Rxd3 40. Nxf4 Rxd1+ 41. Rxd1 Qxf4 42. a3 Qc4 43. Rd8+ Bf8 44. b3 Qxc2 45. Qe7 Qc3+ 46. Kb1 Bf5+ 0-1

[Event "Ankara Baskent Univ op 4th"]
[Site "Ankara"]
[Date "2019.06.19"]
[Round "5"]
[White "Yilmaz, Goktan"]
[Black "Nagy, Gabor"]
[Result "0-1"]
[WhiteElo "2155"]
[BlackElo "2471"]
[PlyCount "78"]
[EventDate "2019.06.17"]
[EventType "swiss"]
[EventRounds "9"]
[EventCountry "TUR"]
[SourceTitle "CBM 191 Extra"]
[Source "ChessBase"]
[SourceDate "2019.09.30"]
[SourceVersion "1"]
[SourceVersionDate "2019.09.30"]
[SourceQuality "1"]

1. e4 c5 2. Nf3 Nc6 3. d4 cxd4 4. Nxd4 Qb6 5. Nb3 Nf6 6. Nc3 e6 7. Qe2 Bb4 8. Bd2 0-0 9. 0-0-0 d5 10. exd5 exd5 11. Be3 Qc7 12. Nb5 Qb8 13. N5d4 a5 14. Nb5 a4 15. N3d4 a3 16. b3 Re8 17. g3 Nxd4 18. Nxd4 Bg4 19. f3 Ne4 20. Nb5 Qe5 21. Bd4 Qg5+ 22. Kb1 Nd2+ 23. Qxd2 Qxd2 24. Bd3 Qxd1+ 25. Rxd1 Bxf3 26. Rf1 Be2 27. Bxe2 Rxe2 28. c3 Bf8 29. Nc7 Rd8 30. Rf2 Rxf2 31. Bxf2 Rd7 32. Nb5 Re7 33. Nd4 Re8 34. b4 Bd6 35. Kc2 Be5 36. Kb3 Bxd4 37. Bxd4 b5 38. Kxa3 Ra8+ 39. Kb3 f6 0-1

[Event "Wch U20 57th"]
[Site "Manavgat"]
[Date "2018.09.12"]
[Round "8"]
[White "Yilmaz, Goktan"]
[Black "Urazayev, Arystanbek"]
[Result "1/2-1/2"]
[WhiteElo "2237"]
[BlackElo "2333"]
[PlyCount "124"]
[EventDate "2018.09.05"]
[EventType "swiss"]
[EventRounds "11"]
[EventCountry "TUR"]
[SourceTitle "CBM 186 Extra"]
[Source "ChessBase"]
[SourceDate "2018.08.24"]
[SourceVersion "1"]
[SourceVersionDate "2018.08.24"]
[SourceQuality "1"]

1. e4 e6 2. d4 d5 3. Nc3 Nf6 4. e5 Nfd7 5. f4 c5 6. Nf3 Nc6 7. Be3 Be7 8. Qd2 0-0 9. 0-0-0 c4 10. f5 b5 11. fxe6 fxe6 12. Ne2 b4 13. Qe1 a5 14. Nf4 Nb6 15. h4 b3 16. cxb3 cxb3 17. a3 Rb8 18. Bd3 Bxa3 19. bxa3 Qe7 20. Kd2 Qxa3 21. Ke2 Nb4 22. Ra1 Na2 23. Ng5 Rxf4 24. Bxf4 h6 25. Nf3 b2 26. Rxa2 Qxa2 27. Nd2 Na4 28. Nb1 Rb3 29. Qd2 Bd7 30. Bc2 Rb4 31. Kf2 Qc4 32. Be3 Nb6 33. Qd3 Qxd3 34. Bxd3 Nc4 35. Bxc4 Rxc4 36. Ke2 Be8 37. h5 Ba4 38. Bd2 Rxd4 39. Bc3 Rc4 40. Kd3 Rg4 41. Bxb2 Bb5+ 42. Ke3 Rxg2 43. Bc3 a4 44. Kd4 Be2 45. Kc5 Kf7 46. Kd6 Bg4 47. Rf1+ Kg8 48. Rf4 g6 49. Ke7 gxh5 50. Rf8+ Kg7 51. Rf7+ Kg6 52. Bd2 h4 53. Rf6+ Kg7 54. Bxh6+ Kh7 55. Bf8 Bf5 56. Rh6+ Kg8 57. Rxh4 Bxb1 58. Rxa4 Bf5 59. Rh4 Ra2 60. Kf6 Rg2 61. Ke7 Rg6 62. Ke8 Rg2 1/2-1/2

[Event "TUR-chT"]
[Site "Ankara"]
[Date "2018.08.05"]
[Round "13.4"]
[White "Heberla, Bartlomiej"]
[Black "Yilmaz, Goktan"]
[Result "1-0"]
[WhiteElo "2563"]
[BlackElo "2233"]
[PlyCount "93"]
[EventDate "2018.07.25"]
[EventType "team-tourn"]
[EventRounds "13"]
[EventCountry "TUR"]
[SourceTitle "CBM 185 Extra"]
[Source "ChessBase"]
[SourceDate "2018.07.29"]
[SourceVersion "1"]
[SourceVersionDate "2018.07.29"]
[SourceQuality "1"]
[WhiteTeam "Turk Hava Yollari"]
[BlackTeam "Genc Akademisyenler"]
[WhiteTeamCountry "TUR"]
[BlackTeamCountry "TUR"]

1. e4 c5 2. Nc3 d6 3. f4 g6 4. Nf3 Bg7 5. d4 cxd4 6. Nxd4 Nc6 7. Be3 Nf6 8. Be2 0-0 9. Nb3 Be6 10. g4 Na5 11. g5 Nd7 12. Bd4 Bxb3 13. axb3 e5 14. Be3 exf4 15. Bxf4 Re8 16. Qxd6 Nc6 17. Rd1 Bxc3+ 18. bxc3 Rxe4 19. Qxd7 Rxf4 20. Qxd8+ Rxd8 21. Rxd8+ Nxd8 22. h4 f6 23. Bc4+ Kg7 24. Ke2 fxg5 25. hxg5 Nf7 26. Ra1 a6 27. Bd5 Nxg5 28. Bxb7 h5 29. Rxa6 h4 30. Ra4 Rf7 31. Bd5 Re7+ 32. Kf2 h3 33. Rh4 Kf6 34. c4 Kf5 35. c5 Rd7 36. c4 Ra7 37. c6 Ne6 38. Rxh3 Nf4 39. Rh8 Ke5 40. Rd8 Nd3+ 41. Ke3 Nc5 42. b4 Ra3+ 43. Ke2 Ra2+ 44. Kf3 Ra3+ 45. Kg4 Nd3 46. c7 Kf6 47. Rf8+ 1-0

[Event "TUR-chT"]
[Site "Ankara"]
[Date "2018.08.01"]
[Round "8.5"]
[White "Yaran, Siar"]
[Black "Yilmaz, Goktan"]
[Result "1/2-1/2"]
[WhiteElo "2261"]
[BlackElo "2233"]
[PlyCount "113"]
[EventDate "2018.07.25"]
[EventType "team-tourn"]
[EventRounds "13"]
[EventCountry "TUR"]
[SourceTitle "CBM 185 Extra"]
[Source "ChessBase"]
[SourceDate "2018.07.29"]
[SourceVersion "1"]
[SourceVersionDate "2018.07.29"]
[SourceQuality "1"]
[WhiteTeam "Kahramanmaras Buyuksehir"]
[BlackTeam "Genc Akademisyenler"]
[WhiteTeamCountry "TUR"]
[BlackTeamCountry "TUR"]

1. c4 e6 2. Nc3 d5 3. d4 Nf6 4. Bg5 Be7 5. e3 Nbd7 6. Nf3 0-0 7. Qc2 c5 8. Rd1 Qa5 9. cxd5 Nxd5 10. Bxe7 Nxe7 11. Be2 Nf6 12. 0-0 Bd7 13. Ne5 cxd4 14. Nxd7 Nxd7 15. Rxd4 Ne5 16. Rfd1 N7c6 17. Ra4 Qb6 18. Rh4 Ng6 19. Na4 Qa5 20. Rc4 Rfd8 21. Rc5 Rxd1+ 22. Qxd1 Rd8 23. Rxa5 Rxd1+ 24. Bxd1 Nxa5 25. Kf1 Kf8 26. Ke1 Ke7 27. Kd2 Ne5 28. Be2 Nac4+ 29. Kc2 Nd6 30. Nc3 Nc6 31. a3 f5 32. f4 e5 33. Kd3 e4+ 34. Kc2 Ke6 35. b4 Ne7 36. Kb3 Nd5 37. Nxd5 Kxd5 38. Kc3 a6 39. Bf1 Nc8 40. Bc4+ Kd6 41. g4 Ne7 42. Bf7 h6 43. gxf5 Nxf5 44. Kd2 Ne7 45. Bb3 b6 46. Bc2 Kd5 47. Bb3+ Kd6 48. Bc4 a5 49. bxa5 bxa5 50. Ba6 Nd5 51. Bb7 Kc5 52. h4 Kc4 53. Bc8 Nf6 54. Be6+ Kc5 55. Bf5 Kc4 56. Kc2 Nd5 57. Be6 1/2-1/2

[Event "TUR-chT"]
[Site "Ankara"]
[Date "2018.07.26"]
[Round "2.5"]
[White "Yilmaz, Goktan"]
[Black "Kilic, Efe Mert"]
[Result "1/2-1/2"]
[WhiteElo "2233"]
[BlackElo "2317"]
[PlyCount "45"]
[EventDate "2018.07.25"]
[EventType "team-tourn"]
[EventRounds "13"]
[EventCountry "TUR"]
[SourceTitle "CBM 185 Extra"]
[Source "ChessBase"]
[SourceDate "2018.07.29"]
[SourceVersion "1"]
[SourceVersionDate "2018.07.29"]
[SourceQuality "1"]
[WhiteTeam "Genc Akademisyenler"]
[BlackTeam "Rota Koleji Dernegi"]
[WhiteTeamCountry "TUR"]
[BlackTeamCountry "TUR"]

1. e4 d6 2. d4 Nf6 3. Nc3 g6 4. f4 Bg7 5. Nf3 0-0 6. Be3 Nbd7 7. Qd2 c5 8. h3 cxd4 9. Bxd4 Qa5 10. Bd3 e5 11. fxe5 Nxe5 12. Nxe5 dxe5 13. Be3 Be6 14. 0-0 Nh5 15. Nd5 Qxd2 16. Bxd2 Bxd5 17. exd5 Rad8 18. Bb4 e4 19. Bxe4 Bd4+ 20. Kh2 Be5+ 21. Kg1 Bd4+ 22. Kh2 Be5+ 23. Kg1 1/2-1/2

[Event "TUR-chT"]
[Site "Ankara"]
[Date "2018.07.25"]
[Round "1.2"]
[White "Ozenir, Ekin Baris"]
[Black "Yilmaz, Goktan"]
[Result "1/2-1/2"]
[WhiteElo "2300"]
[BlackElo "2233"]
[PlyCount "100"]
[EventDate "2018.07.25"]
[EventType "team-tourn"]
[EventRounds "13"]
[EventCountry "TUR"]
[SourceTitle "CBM 185 Extra"]
[Source "ChessBase"]
[SourceDate "2018.07.29"]
[SourceVersion "1"]
[SourceVersionDate "2018.07.29"]
[SourceQuality "1"]
[WhiteTeam "Karaman Belediye"]
[BlackTeam "Genc Akademisyenler"]
[WhiteTeamCountry "TUR"]
[BlackTeamCountry "TUR"]

1. d4 d5 2. c4 e6 3. Nc3 Nf6 4. cxd5 exd5 5. Bg5 Be7 6. e3 c6 7. Bd3 Nbd7 8. Nge2 Nh5 9. Bxe7 Qxe7 10. 0-0 0-0 11. Qc2 g6 12. Rae1 Ndf6 13. Nc1 Ng7 14. f3 Be6 15. Nb3 b6 16. e4 Rac8 17. Qf2 Rfd8 18. e5 Nd7 19. f4 Nb8 20. Rc1 h5 21. Nd1 Bf5 22. Be2 a5 23. Nd2 Nd7 24. Ne3 Qb4 25. Ba6 Rb8 26. Nf3 Be4 27. Rxc6 Nf8 28. Rcc1 Nfe6 29. a3 Qa4 30. Be2 Nxf4 31. Bd1 Qd7 32. Qg3 Nfe6 33. Ng5 Nxg5 34. Qxg5 Ne6 35. Qg3 Nxd4 36. Bxh5 Kg7 37. Rcd1 Nf5 38. Nxf5+ Bxf5 39. Rd4 Qe6 40. Bf3 Rbc8 41. Rfd1 Rc5 42. Qg5 Re8 43. Rxd5 Rxd5 44. Rxd5 Qc6 45. Qd2 Be6 46. Rd3 Qb5 47. Re3 Rc8 48. h3 Qa4 49. Rc3 Rxc3 50. Qxc3 Qf4 1/2-1/2

[Event "TUR-chT"]
[Site "Kocaeli"]
[Date "2017.08.03"]
[Round "9.1"]
[White "Yilmaz, Goktan"]
[Black "Ertan, Can"]
[Result "1/2-1/2"]
[WhiteElo "2202"]
[BlackElo "2377"]
[PlyCount "125"]
[EventDate "2017.07.26"]
[EventType "team-tourn"]
[EventRounds "13"]
[EventCountry "TUR"]
[SourceTitle "CBM 179 Extra"]
[Source "ChessBase"]
[SourceDate "2017.08.23"]
[SourceVersion "1"]
[SourceVersionDate "2017.08.23"]
[SourceQuality "1"]
[WhiteTeam "Panelsan Genc"]
[BlackTeam "Karaman Belediye"]
[WhiteTeamCountry "TUR"]
[BlackTeamCountry "TUN"]

1. e4 e5 2. Nf3 Nc6 3. Bb5 a6 4. Ba4 Nf6 5. 0-0 Be7 6. Re1 b5 7. Bb3 0-0 8. a4 b4 9. d4 Nxd4 10. Bxf7+ Rxf7 11. Nxe5 Rf8 12. Qxd4 Bb7 13. Bg5 c5 14. Qc4+ d5 15. exd5 Bxd5 16. Qh4 Qc7 17. Nd2 Rae8 18. Ndc4 Bd8 19. Rad1 Re6 20. Qh3 Qb7 21. b3 Ne4 22. Be3 Bc7 23. f4 Rfe8 24. Nd3 Rh6 25. Qd7 Bc6 26. Qg4 Rg6 27. Qh3 Qa8 28. Nde5 Rh6 29. Qg4 Nf6 30. Qe2 Ne4 31. Qg4 Nc3 32. Rd2 Ne4 33. Rdd1 Bxe5 34. Nxe5 Rxe5 35. fxe5 Rg6 36. Qh4 Bd5 37. g3 h6 38. Bc1 Nc3 39. Rd2 Qc8 40. Bb2 Rg4 41. Qe7 Rd4 42. Bxc3 bxc3 43. Rxd4 cxd4 44. e6 d3 45. cxd3 c2 46. Qf7+ Kh8 47. Qf4 Bxe6 48. b4 Qc3 49. Qe3 Bf5 50. b5 axb5 51. axb5 Bxd3 52. b6 Qb2 53. b7 Bg6 54. Qa7 c1Q 55. b8Q+ Kh7 56. Rxc1 Qxc1+ 57. Kf2 Qc2+ 58. Ke1 Qc1+ 59. Ke2 Qc2+ 60. Ke3 Qd3+ 61. Kf2 Qc2+ 62. Kg1 Qc1+ 63. Kf2 1/2-1/2

[Event "TUR-chT"]
[Site "Kocaeli"]
[Date "2017.07.31"]
[Round "7.2"]
[White "Yilmaz, Goktan"]
[Black "Kiremitciyan, Ari"]
[Result "0-1"]
[WhiteElo "2202"]
[BlackElo "2240"]
[PlyCount "92"]
[EventDate "2017.07.26"]
[EventType "team-tourn"]
[EventRounds "13"]
[EventCountry "TUR"]
[SourceTitle "CBM 179 Extra"]
[Source "ChessBase"]
[SourceDate "2017.08.23"]
[SourceVersion "1"]
[SourceVersionDate "2017.08.23"]
[SourceQuality "1"]
[WhiteTeam "Panelsan Genc"]
[BlackTeam "Istanbul Bogazici Univ"]
[WhiteTeamCountry "TUR"]
[BlackTeamCountry "TUR"]

1. e4 c5 2. Nf3 e6 3. d4 cxd4 4. Nxd4 Nc6 5. Nc3 Qc7 6. Be3 a6 7. Be2 b5 8. Nxc6 dxc6 9. a4 b4 10. Nb1 Nf6 11. Nd2 e5 12. f3 Be7 13. Nc4 Nd7 14. 0-0 a5 15. Kh1 0-0 16. f4 exf4 17. Bxf4 Qa7 18. Bd3 Nc5 19. Be3 Qc7 20. Qh5 Nxd3 21. cxd3 c5 22. Rac1 Be6 23. d4 cxd4 24. Bxd4 Qd7 25. Bg1 Bxc4 26. Rxc4 Qxa4 27. Rc7 Qe8 28. Bd4 Ra6 29. Qd5 a4 30. e5 a3 31. bxa3 bxa3 32. Bc3 Re6 33. Qb7 h6 34. h3 Bd8 35. Rd7 Rb6 36. Qd5 Be7 37. Bd4 Re6 38. Qb7 Kh8 39. Rc1 Bg5 40. Rcc7 Rxe5 41. Bxe5 Qxe5 42. Qb1 a2 43. Qxa2 Qe1+ 44. Kh2 Bf4+ 45. g3 Qxg3+ 46. Kh1 Qxh3+ 0-1